1290 1059 1668 1793 1486 1423 1073 1348 1177 1779 1790 1244 1708 1973 1255 1264 1181 1456 1011 1972 1969 1505 1015 1595 1385 1320 1251 1406 1022 1167 1051 1824 1755 1081 1528 1263 1447 1539 1621 1656 1507 1180 1541 1718 1966 1842 1316 1249 1945 1837 1383 1969 1867 1293 1641 1493 1925 1907 1259 1029 1509 1241 1536 1896 1821 1952 1832 1033 1427 1185 1274 1216 1351 1665 1747 1835 1566 1082 1566 1582 1711 1590 1454 1240 1950 1951 1103 1423 1289 1064 1783 1293 1974 1450 1353 1926 1565 1606 1137 BCNSPRNW ULIB Ver.6.0+V

เปลี่ยนเป็นภาษาไทย

Change to English
 แสดงรายละเอียดบรรณานุกรม
  กลับหน้าหลัก

Brief Record : Get Marc (ISO 2709) : E-mail record : QR code < ปิดหน้าต่าง
LEADER : 00000nam 2200000uu 4500
001    13399109962
003     ULIB
008    110419s2549||||th 000 0 tha d
020    9749507398
060 04 WE725^bส790ป 2546
100 0  สุรเกียรติ อาชานานุภาพ
245 10 ปวดเข่า (โรคข้อเข่าเสื่อม) =^bOsteoarthritis /^cสุรเกียรติอาชานานุภาพ
246 30 โรคข้อเข่าเสื่อม
246 31 Osteoarthritis
250    พิมพ์ครั้งที่ 2
260    กรุงเทพฯ :^bหมอชาวบ้าน,^c2549
300    32 หน้า :^bภาพประกอบ ;^c21 ซม.
440  0 100 เรื่อง 100 โรค ;^vเรื่องที่ 21
440  0 ร้อยเรื่อง ร้อยโรค ;^vเรื่องที่ 21
650  7 ข้อเข่า
650  7 ข้อเสื่อม
650  7 กระดูกและข้ออักเสบ
945    ^p50^l0^i017786
995    ทศพร
999 ^a ใช้งานได้ทุกระบบ
รายการนี้ยังไม่มีแท็ก
คุณยังไม่ได้ล็อกอิน คุณสามารถมีกิจกรรมร่วมกับเว็บไซต์ได้ แต่ต้องล็อกอินก่อน ::
  ล็อกอิน

รายการสื่อสารสนเทศ

ลำดับที่ ประเภท เลขเรียก/บาร์โค้ด สถานที่ สถานะ
1. วิทยาศาสตร์การแพทย์ และสุขภาพ
วิทยาศาสตร์การแพทย์ และสุขภาพ
สถานะ=หนังสือเก่า
WE725 ส790ป 2546 ฉ.1 
  Barcode: 017786
ห้องสมุดวิทยาเขตสวรรค์ประชารักษ์
►ส่วนจัดเก็บหนังสือเก่า สปร
บนชั้น
  ขอยืม

รายการใกล้เคียง
    ผู้แต่ง [สุรเกียรติ อาชานานุภาพ]

    หัวเรื่อง [ข้อเข่า]
    หัวเรื่อง [ข้อเสื่อม]
    หัวเรื่อง [กระดูกและข้ออักเสบ]

BibComment


ยังไม่เคยถูกคอมเมนท์

คอมเมนท์ทรัพยากรรายการนี้
  คอมเมนท์: ปวดเข่า โรคข้อเข่..


 Copyright 2026. Bcnsprnw @Library